000
00317 a2200145 4500
001
166858
020
_a
040
_c
Magnum
100
_a
Pena-Casanova, J.
240
1
0
_a
Manual de fonoaudiologia
_l
por
245
1
0
_a
Manual de fonoaudiologia
362
0
_a
1899
697
_a
CIENCIAS MEDICAS SAUDE
942
_c
BK
999
_c
166858
_d
166858